| 000 | 00561nam a2200217Ia 4500 | ||
|---|---|---|---|
| 005 | 20250425161740.0 | ||
| 008 | 250425s9999 xx 000 0 und d | ||
| 020 | _a9682439078 | ||
| 041 | _aspa | ||
| 082 | _a631 | ||
| 100 | _aSÁNCHEZ POTES, ALBERTO | ||
| 245 | 0 | _aCULTIVOS DE PLANTACIÓN | |
| 250 | _a2A ED. ; 2A REIMP. | ||
| 260 | _aMEXICO | ||
| 260 |
_aMéxico _bTRILLAS : SEP _c1993 |
||
| 300 | _a122 | ||
| 500 | _aMANUALES PARA EDUCACIÓN AGROPECUARIA. PRODUCCIÓN VEGETAL | ||
| 650 | _aPLANTAS TROPICALES | ||
| 942 | _c01 | ||
| 010 | _a27425 | ||
| 999 |
_c215315 _d215315 |
||